000 00532cam a2200217ua 4500
001 7983
005 20260515114257.0
008 150103n ii |||gr||||Z||||||hin
020 _a9788190866835
040 _cMAIN
041 _ahin
082 _a891.434
100 _aSahay, A. N.,
_eEditor.
245 1 _aKavyanjali
_cEdited by Alakh Niranjan Sahay
250 _a2nd.
260 _aDibrugarh:
_bKangan,
_c2010.
300 _a56p.
653 _aEast Indo-European & Celtic literatures
653 _aHindi essays
942 _cBK
999 _c7097
_d7097